[Event "Clichy"]
[Site "Clichy"]
[Date "1994.??.??"]
[Round "6"]
[White "Typek, Konrad"]
[Black "Moingt, Jean Claude"]
[Result "1-0"]
[WhiteElo "2410"]
[BlackElo "2220"]

1.e4 c5 2.Nf3 d6 3.Bb5+ Nc6 4.O-O Bd7 5.c3 Nf6 6.Re1 Qb6 7.Ba4 Ne5 8.Bxd7+ Nfxd7
9.d4 Nxf3+ 10.Qxf3 cxd4 11.cxd4 Qxd4 12.Nc3 Ne5 13.Qg3 h5 14.Nb5 Rc8 15.Bf4 Rc2
16.Bxe5 dxe5 17.Red1 h4 18.Qf3 Rd2 19.Rxd2 Qxd2 20.Nc7+ Kd7 21.Rd1 Qxd1+
22.Qxd1+ Kxc7 23.Qd5 f6 24.h3 g5 25.Kf1 Bh6 26.Qc5+ Kd7 27.Qxa7 Kc6 28.Qa4+ Kc7
29.Qc4+ Kb8 30.Qf7 Rc8 31.Qxe7 g4 32.Qd6+ Ka8 33.Qa3+ Kb8 34.hxg4 Bg5 35.Qd6+ Ka8
36.Qa3+ Kb8 37.Qb3 Rc1+ 38.Ke2 Rg1 39.Kf3 Rh1 40.Qg8+ Ka7 41.Qe8 h3 42.gxh3 Rxh3+
43.Ke2 Rh4 44.Qa4+ Kb8 45.Qe8+ Ka7 46.Qd7  1-0

[Event "Clichy"]
[Site "Clichy"]
[Date "1994.??.??"]
[Round "8"]
[White "Shirazi, Kamran G"]
[Black "Montheard, Xavier"]
[Result "1-0"]
[WhiteElo "2395"]
[BlackElo "2205"]

1.e4 c5 2.Nf3 d6 3.Bb5+ Nd7 4.d4 cxd4 5.Qxd4 Nf6 6.c4 g6 7.Nc3 Bg7 8.c5 dxc5
9.Qxc5 O-O 10.Qa3 Qc7 11.O-O Ne5 12.Nxe5 Qxe5 13.f3 a6 14.Be3 axb5 15.Qxa8 b4
16.Nd1 Qb5 17.a4 Qe2 18.Qa5 Qc4 19.Rc1 Qb3 20.Bd2 Nh5 21.Qxb4 Qd3 22.Nf2 Bd4
23.Kh1 Bxf2 24.Rxf2 Be6 25.Bh6 Rd8 26.Rd2  1-0

[Event "Copenhagen op16"]
[Site "Copenhagen"]
[Date "1994.??.??"]
[Round "3"]
[White "Hansen, Sune Berg"]
[Black "Maksimenko, Andrei"]
[Result "1/2-1/2"]
[WhiteElo "2415"]
[BlackElo "2475"]

1.e4 c5 2.Nf3 d6 3.Bb5+ Nd7 4.O-O Nf6 5.Re1 a6 6.Bf1 b6 7.c4 Bb7 8.Nc3 e6
9.d4 cxd4 10.Nxd4 Be7 11.b3 O-O 12.Bb2 Re8 13.Qf3 Bf8 14.Rad1 Qc7 15.Qg3 Rad8
16.Bd3 Qb8 17.Bb1 Ba8 18.Qh4 Be7 19.Qh3 Bf8 20.Qh4 Be7 21.Qh3 Bf8 22.Qh4  1/2-1/2

[Event "Copenhagen op16"]
[Site "Copenhagen"]
[Date "1994.??.??"]
[Round "8"]
[White "Petersen, Soren Boeck"]
[Black "Hutters, Tomas"]
[Result "0-1"]
[WhiteElo "2235"]
[BlackElo "2420"]

1.e4 c5 2.Nf3 d6 3.Bb5+ Nd7 4.O-O a6 5.Bxd7+ Bxd7 6.d4 cxd4 7.Qxd4 e5 8.Qb4 Bc6
9.Nc3 Be7 10.Rd1 Qc7 11.Be3 Nf6 12.Bb6 Qc8 13.Nd5 Bxd5 14.exd5 Nd7 15.Rd3 Qxc2
16.Rc3 Qf5 17.Qa4 O-O 18.Be3 b5 19.Qb3 Nc5 20.Bxc5 dxc5 21.d6 Bxd6 22.Qd5 Rad8
23.Re1 Bc7 24.Qxc5 Ba5 25.b4 Rc8 26.Qe3 Bxb4 27.Rxc8 Rxc8 28.Rd1 e4 29.Ng5 Bc5
30.Qxe4 Qxg5 31.Qxh7+  0-1

[Event "Cordoba op"]
[Site "Cordoba"]
[Date "1994.??.??"]
[Round "6"]
[White "Galego, Luis"]
[Black "Estremera Panos, Sergio"]
[Result "1/2-1/2"]
[WhiteElo "2440"]
[BlackElo "2365"]

1.e4 c5 2.Nf3 d6 3.Bb5+ Bd7 4.Bxd7+ Qxd7 5.O-O Nc6 6.d4 cxd4 7.Nxd4 Nf6 8.Nc3 e6
9.f4 Be7 10.Nf3 Qc7 11.Kh1 a6 12.f5 O-O 13.Bf4 exf5 14.exf5 Qa5 15.Nd4 Nxd4
16.Qxd4 Qxf5 17.Rae1 Rae8 18.Qd2 Qg6 19.Re2 d5 20.Rfe1 Bb4 21.Rxe8 Rxe8 22.Rxe8+ Nxe8
23.Nxd5 Bxd2 24.Ne7+ Kf8 25.Nxg6+ hxg6 26.Bxd2 Ke7 27.Kg1 Ke6 28.Kf2 Kd5
29.h4 Nd6 30.Bb4 Nf5 31.g3 Ke4 32.Bc5 Kd5 33.Bf8 Ke4 34.Bc5 Kd5 35.Bf8  1/2-1/2

[Event "CZE-ch"]
[Site "?"]
[Date "1994.??.??"]
[Round "9"]
[White "Rasik, Vitezslav"]
[Black "Babula, Vlastimil"]
[Result "0-1"]
[WhiteElo "2425"]
[BlackElo "2505"]

1.e4 c5 2.Nf3 d6 3.Bb5+ Nc6 4.O-O Bd7 5.c3 Nf6 6.d4 cxd4 7.cxd4 Nxe4 8.d5 Ne5
9.Bxd7+ Nxd7 10.Re1 Nef6 11.Nc3 Nb6 12.Qd4 Rc8 13.Bg5 Rg8 14.Rac1 Qd7 15.a4 h6
16.Bd2 g5 17.b3 Rc5 18.a5 Nc8 19.b4 Rc7 20.Ne4 Nxe4 21.Qxe4 f5 22.Qd3 Rxc1
23.Rxc1 Bg7 24.Bc3 Bf6 25.Bxf6 exf6 26.Nd4 Ne7 27.Qh3 Rg6 28.Qh5 Kf7 29.Ne6 Qb5
30.Nc7 Qxb4 31.h3 g4 32.h4 Qf4 33.Ne6 Qxc1+ 34.Kh2 Qd2 35.Kg3 Qc3+ 36.Kh2 Qe5+
37.g3 Qxd5 38.Nf4 Qf3 39.Kg1 Qd1+ 40.Kh2 Qf3 41.Kg1 Kg7 42.Ne6+ Kf7 43.Nf4  0-1

[Event "CZE-chT"]
[Site "?"]
[Date "1994.??.??"]
[Round "?"]
[White "Styblo, Michal"]
[Black "Jirovsky, Pavel"]
[Result "1/2-1/2"]
[WhiteElo "2275"]
[BlackElo "2335"]

1.e4 c5 2.Nf3 d6 3.Bb5+ Bd7 4.Bxd7+ Qxd7 5.O-O Nf6 6.e5 dxe5 7.Nxe5 Qc8 8.b3 g6
9.Bb2 Bg7 10.Ng4 Nbd7 11.Re1 Qc6 12.Nxf6+ Bxf6 13.Bxf6 Nxf6 14.Na3 e6 15.Nc4 O-O
16.a4 Rad8 17.d3 Rd4 18.Qe2 Kg7 19.Qe5 Rc8 20.Rad1 Qc7 21.g3 Qxe5 22.Rxe5 Rd7
23.Rde1 Nd5 24.f4 Nb4 25.R5e2 h5 26.h3 Nd5 27.Kg2 h4 28.Re4 hxg3 29.Kxg3 Ne7
30.Kg2 Nf5 31.Ne5 Rd4 32.Nf3 Rdd8 33.R1e2 b6 34.Rf2 Rh8 35.Ng5 Nd4 36.Kg3 Rcd8
37.Kg2 Rd7 38.Kg3 Nf5+ 39.Kg2 Nh4+ 40.Kg3 Nf5+  1/2-1/2

[Event "CZE-chT"]
[Site "?"]
[Date "1994.??.??"]
[Round "?"]
[White "Ambroz, Jan"]
[Black "Hausner, Ivan"]
[Result "1/2-1/2"]
[WhiteElo "2420"]
[BlackElo "2480"]

1.e4 c5 2.Nf3 d6 3.Bb5+ Nd7 4.c3 Nf6 5.Qe2 e6 6.O-O Be7 7.d4 O-O 8.e5 Nd5
9.dxc5 Nxe5 10.cxd6 Nxf3+ 11.Qxf3 Bxd6 12.Nd2 Bd7 13.Bxd7 Qxd7 14.Ne4 Be7
15.c4  1/2-1/2

[Event "Dortmund"]
[Site "Dortmund"]
[Date "1994.??.??"]
[Round "2"]
[White "Timman, Jan H"]
[Black "Lutz, Christopher"]
[Result "1/2-1/2"]
[WhiteElo "2620"]
[BlackElo "2595"]

1.e4 c5 2.Nf3 d6 3.Bb5+ Bd7 4.Bxd7+ Qxd7 5.O-O Nc6 6.b3 Nf6 7.Qe2 g6 8.Bb2 Bg7
9.d4 cxd4 10.Nxd4 Nh5 11.Rd1 Nf4 12.Qf3 Ne6 13.c3 Nexd4 14.cxd4 O-O 15.Na3 Rac8
16.Nc4 b5 17.Ne3 e6 18.Qe2 Ne7 19.Rac1 f5 20.Rxc8 Rxc8 21.e5 f4 22.Ng4 Nd5
23.exd6 a6 24.Ne5 Qxd6 25.Nd3 b4 26.Nc5 Nc3 27.Bxc3 bxc3 28.Qxe6+ Qxe6 29.Nxe6 Bh6
30.f3 Kf7 31.d5 Ke7 32.Nd4 Kd6 33.Nc2 a5 34.Kf1 Bg7 35.Re1 Rc7 36.Re4 Kxd5
37.Rxf4 Rd7 38.Re4 Kc5 39.Kf2 Rd2+ 40.Re2 Rd7 41.f4 h5 42.Ke3 Rd1 43.g3 Bf6
44.Ke4 Bg7 45.Kf3 Rd3+ 46.Ke4 Rd1 47.Rf2 Rd7 48.Ke3 Re7+ 49.Kd3 Rd7+ 50.Ke2 Bf6
51.Ke1 Rd3 52.Ke2 Rd7 53.h3 Bg7 54.g4 hxg4 55.hxg4 Bf6 56.g5 Bg7 57.Ke3 Re7+
58.Kf3 Rd7 59.Ke2 Re7+ 60.Kf3 Rd7 61.Re2 Rd3+ 62.Ke4 Rd7 63.Rh2 Bf8 64.Rh3 Re7+
65.Kf3 Kd5 66.Rh1 Rf7 67.Rd1+ Kc5 68.Rd4 Bg7 69.Rc4+ Kb6 70.Re4 Kc6 71.Re6+ Kd7
72.Ra6 Be5 73.Ke4 Bc7 74.Rxg6 Rxf4+ 75.Kd3 Rf3+ 76.Kc4 Rg3 77.Rg7+ Kc6 78.Rg6+ Kd7
79.Rg7+ Kc6 80.Nd4+ Kb6 81.Rg6+ Kb7 82.Re6 Rxg5 83.Re7 Kb6 84.Re6+ Kb7 85.Kxc3 Be5
86.Kc4 Bxd4 87.Kxd4 Rg2 88.a3 Ra2 89.a4 Rc2 90.Re5 Kb6 91.Rb5+ Ka6 92.Rc5 Rh2  1/2-1/2

[Event "Dresden op"]
[Site "Dresden"]
[Date "1994.??.??"]
[Round "?"]
[White "Ulibin, Mikhail"]
[Black "Voekler, Bernd"]
[Result "0-1"]
[WhiteElo "2510"]
[BlackElo "2350"]

1.e4 c5 2.Nf3 d6 3.Bb5+ Nd7 4.d4 cxd4 5.Qxd4 e5 6.Qd3 Be7 7.Nc3 Nf6 8.Bg5 O-O
9.Bxd7 Qxd7 10.O-O-O Rd8 11.Bxf6 Bxf6 12.Nd5 Qa4 13.Kb1 Be6 14.b3 Qa3 15.g4 Bxd5
16.Qxd5 Qa6 17.Nd2 Rac8 18.Nc4 Rc5 19.Qd3 d5 20.Ne3 Qa3 21.c4 d4 22.Nd5 b5
23.b4 Qxd3+ 24.Rxd3 Rxc4 25.h4 Rdc8 26.Ra3 Bxh4 27.Rxh4 Rc1+ 28.Kb2 R8c2+
29.Kb3 Rxf2 30.Rxa7 Rb1+  0-1

[Event "Eger"]
[Site "Eger"]
[Date "1994.??.??"]
[Round "8"]
[White "Keller, Wolfgang"]
[Black "Borne, Niels"]
[Result "0-1"]
[WhiteElo "2225"]
[BlackElo "2290"]

1.e4 c5 2.Nf3 d6 3.Bb5+ Bd7 4.Bxd7+ Nxd7 5.O-O Ngf6 6.Re1 e6 7.c3 Be7 8.d4 cxd4
9.cxd4 d5 10.e5 Ne4 11.Nbd2 Nxd2 12.Bxd2 O-O 13.Bc3 Rc8 14.Qd2 Qb6 15.Rec1 Qb5
16.b3 Nb8 17.Bb2 Rc6 18.Rxc6 Nxc6 19.Rc1 a5 20.Bc3 Ra8 21.Rb1 a4 22.h3 Ra6
23.Rb2 Ra7 24.Rb1 h6 25.Rb2 axb3 26.Rxb3 Qa6 27.Qb2 Nd8 28.Rb5 Qxa2 29.Qxa2 Rxa2
30.Ba5 Nc6 31.Bc7 Ra7 32.Kf1 Kf8 33.Bb6 Ra4 34.Ke2 Rb4 35.Rxb4 Nxb4 36.Nd2 Ke8
37.Nb3 Kd7 38.Na5 Kc8 39.Nb3 Nc6 40.Kd3 Nb8 41.Ba5  0-1

[Event "Elenite-B"]
[Site "Elenite"]
[Date "1994.??.??"]
[Round "6"]
[White "Donchev, Dimitar I"]
[Black "Delchev, Aleksander"]
[Result "1/2-1/2"]
[WhiteElo "2485"]
[BlackElo "2490"]

1.e4 c5 2.Nf3 d6 3.Bb5+ Bd7 4.Bxd7+ Qxd7 5.c4 Nc6 6.d4 cxd4 7.Nxd4 Nf6 8.Nc3 g6
9.f3 Nxd4 10.Qxd4 Bg7 11.O-O O-O 12.Qd3 Rfd8 13.Be3 Qc6 14.Rac1 e6 15.Rfd1 Rd7
16.b3 b6 17.Qd2 Rad8 18.Qf2 Ne8 19.Bd4 Bxd4 20.Qxd4 Qc5 21.Qxc5 dxc5 22.Rxd7 Rxd7
23.Rd1  1/2-1/2

[Event "RUS-ch"]
[Site "Elista"]
[Date "1994.??.??"]
[Round "2"]
[White "Rublevsky, Sergei"]
[Black "Rashkovsky, Nukhim N"]
[Result "1-0"]
[WhiteElo "2565"]
[BlackElo "2510"]

1.e4 c5 2.Nf3 d6 3.Bb5+ Bd7 4.Bxd7+ Nxd7 5.O-O Ngf6 6.Qe2 e6 7.b3 Be7 8.Bb2 O-O
9.c4 e5 10.Nc3 Nb8 11.d3 Nc6 12.Nd2 Nd4 13.Qd1 a6 14.f4 exf4 15.Rxf4 b5 16.Rf1 Rb8
17.Nf3 Ne6 18.Qd2 Rb7 19.Rae1 Ng4 20.Nd5 Bg5 21.Qd1 Bf4 22.Kh1 Ne5 23.Nxf4 Nxf4
24.Bxe5 dxe5 25.Nxe5 Qg5 26.Qd2 Qxe5 27.Rxf4 g6 28.Rf3 Rd7 29.Qa5 b4 30.Ref1 Qc3
31.Qxc5 Rxd3 32.h3 Rxf3 33.Rxf3 Qe1+ 34.Kh2 Qxe4 35.Qxb4 Qe5+ 36.Kh1 Qa1+
37.Kh2 Qe5+ 38.Rg3 Rd8 39.Qc3 Rd4 40.Qe3 Re4 41.Qg5 Qd4 42.Rf3 Re1 43.Qf6 Qd7
44.Rf2 h5 45.Qf4 Qe7 46.Rd2 Re4 47.Qd6 Qb7 48.c5 Re6 49.Qd8+ Kg7 50.Qd4+ Kg8
51.Qd8+ Kg7 52.Qd4+ Kg8 53.Qf4 Qe7 54.b4 Rf6 55.Qg5 Qc7+ 56.Qg3 Qe7 57.Rd6 Rf1
58.Rxa6 Qb7 59.Qd3 Rf2 60.c6 Qc7+ 61.Qg3 Rf4 62.Ra8+ Kg7 63.Ra7 Qd6 64.Rd7 Qxc6
65.Qxf4 Qxd7 66.Qe5+ f6 67.Qc5 Qd2 68.Qc7+ Kh6 69.b5 f5 70.Qe5 f4 71.h4 Kh7
72.Qe7+ Kg8 73.Qg5 Kh7 74.a4 Qf2 75.a5 f3 76.Qe7+ Kg8 77.Qe6+ Kg7 78.Qe5+ Kh7
79.Qc7+ Kg8 80.Qb8+ Kh7 81.Qb7+ Kh6 82.Qxf3 Qxh4+ 83.Qh3 Qg5 84.b6 Qxa5 85.Qe3+ Kg7
86.Qe7+ Kh6 87.b7 Qb4 88.Qxb4  1-0

[Event "RUS-ch"]
[Site "Elista"]
[Date "1994.??.??"]
[Round "2"]
[White "Ulibin, Mikhail"]
[Black "Ruban, Vadim"]
[Result "1-0"]
[WhiteElo "2510"]
[BlackElo "2560"]

1.e4 c5 2.Nf3 d6 3.Bb5+ Nc6 4.O-O Bd7 5.c3 a6 6.Bxc6 Bxc6 7.Re1 e6 8.d4 cxd4
9.cxd4 d5 10.Bg5 Be7 11.Bxe7 Nxe7 12.e5 Nf5 13.Nc3 h5 14.Qd2 Rg8 15.h3 Qe7
16.Rab1 g5 17.g4 hxg4 18.hxg4 Nh6 19.Nh2 f5 20.exf6 Qxf6 21.Rxe6+ Qxe6 22.Re1 Qxe1+
23.Qxe1+ Kd7 24.Qb1 Rg7 25.Nf3 Kc7 26.Ne5 Rc8 27.b4 Kb8 28.a4 Bd7 29.Nxd5 Bxg4
30.Nxg4 Nxg4 31.Qf5 Rd8 32.Nb6 Ka7 33.a5 Nh6 34.Qf6 Rgg8 35.Qxh6 Rxd4 36.Qe6 Rgd8
37.Nc4 R4d5 38.Qe3+ Kb8 39.Nb6 Rb5 40.Qe7 Rg8 41.Qd6+ Ka7 42.Nc4 g4 43.Qd4+ Kb8
44.Nd6 Rbg5 45.Qe4 R5g7 46.Ne8 Rf7 47.Qd5 Rgf8 48.Qd8+ Ka7 49.Qb6+ Kb8 50.Nd6 Rd7
51.Nxb7  1-0

[Event "RUS-ch"]
[Site "Elista"]
[Date "1994.??.??"]
[Round "3"]
[White "Solozhenkin, Evgeniy"]
[Black "Aseev, Konstantin N"]
[Result "1/2-1/2"]
[WhiteElo "2505"]
[BlackElo "2540"]

1.e4 c5 2.Nf3 d6 3.Bb5+ Bd7 4.Bxd7+ Qxd7 5.O-O Nf6 6.Re1 Nc6 7.d4 cxd4 8.Nxd4 e6
9.c4 Be7 10.Nc3 O-O 11.b3 Nxd4 12.Qxd4 a6  1/2-1/2

[Event "RUS-ch"]
[Site "Elista"]
[Date "1994.??.??"]
[Round "6"]
[White "Arkhipov, Sergey"]
[Black "Ruban, Vadim"]
[Result "1-0"]
[WhiteElo "2495"]
[BlackElo "2560"]

1.e4 c5 2.Nf3 d6 3.Bb5+ Nc6 4.O-O Bd7 5.Re1 a6 6.Bxc6 Bxc6 7.c3 e6 8.d4 cxd4
9.cxd4 d5 10.Ne5 dxe4 11.Nxc6 bxc6 12.Qa4 f5 13.Qxc6+ Kf7 14.Nc3 Ne7 15.Qa4 Qe8
16.Qd1 Qd7 17.f3 Nc6 18.Be3 exf3 19.Qxf3 Bb4 20.Rad1 Rhe8 21.d5 Ne5 22.dxe6+ Qxe6
23.Qb7+ Qe7 24.Qd5+ Qe6 25.Qb7+ Qe7 26.Qd5+ Qe6 27.Bf2 Qxd5 28.Rxd5 Ng4 29.Rxf5+ Kg8
30.Rxe8+ Rxe8 31.h3 Nxf2 32.Kxf2 Bxc3 33.bxc3 Rc8 34.Rf3 Rc4 35.Ke1 Ra4 36.Rf2 g5
37.Kd1 Kg7 38.Kc1 g4 39.Kb2 gxh3 40.gxh3 Re4 41.Rf3 a5 42.Kc2 Kg6 43.Kd3 Ra4
44.Rf2 h5 45.c4 Ra3+ 46.Kd4 Rxh3 47.c5 Rh1 48.Rc2 Rd1+ 49.Ke5 Re1+ 50.Kd6 Rd1+
51.Ke6 Re1+ 52.Kd7 Rd1+ 53.Kc8 Kf6 54.c6 Ke7 55.c7 Rb1 56.Re2+ Kf6 57.Rh2  1-0

[Event "RUS-ch"]
[Site "Elista"]
[Date "1994.??.??"]
[Round "6"]
[White "Varavin, Viktor"]
[Black "Dvoirys, Semen I"]
[Result "0-1"]
[WhiteElo "2510"]
[BlackElo "2535"]

1.e4 c5 2.Nf3 d6 3.Bb5+ Nc6 4.O-O Bd7 5.c3 Nf6 6.Re1 a6 7.Ba4 b5 8.Bc2 e5
9.h3 Be7 10.d4 exd4 11.cxd4 Nb4 12.Nc3 Nxc2 13.Qxc2 cxd4 14.Nxd4 Rc8 15.Qd3 O-O
16.Bf4 Qb6 17.Nf5 Bxf5 18.exf5 Qb7 19.Bg5 Rfe8 20.Re2 b4 21.Bxf6 Bxf6 22.Ne4 Re5
23.f4 Re7 24.Rae1 Bh4 25.f6 Rxe4 26.Rxe4 Bxe1 27.Rxe1 Qb6+ 28.Kh2 g6 29.Qe4 h6
30.Rd1 Rd8 31.Rd5 Qc6 32.Qe7 Qd7 33.Qe4 Qe6 34.Qd4 Kh7 35.b3 Rd7 36.Ra5 d5
37.Rc5 Rd6 38.Qxb4 Qxf6 39.Qd2 d4 40.Re5 d3 41.Re4 Rd7 42.b4 Qc6 43.Re1 Rd4
44.a3 Qd6 45.Rf1 g5 46.Kh1 gxf4 47.Rf3 Qd5 48.Kh2 Qc4 49.Kg1 Qd5 50.Kh2 Qc4
51.Rf1 Qc2 52.Qxc2 dxc2 53.Rc1 Rd2 54.a4 f3 55.Kg3 fxg2  0-1

[Event "RUS-ch"]
[Site "Elista"]
[Date "1994.??.??"]
[Round "10"]
[White "Arkhipov, Sergey"]
[Black "Ionov, Sergey"]
[Result "1/2-1/2"]
[WhiteElo "2495"]
[BlackElo "2530"]

1.e4 c5 2.Nf3 d6 3.Bb5+ Bd7 4.Bxd7+ Qxd7 5.c4 Nf6 6.Nc3 Nc6 7.d4 cxd4 8.Nxd4 g6
9.f3 Nxd4 10.Qxd4 Bg7 11.Be3 O-O 12.Qd3 Qd8 13.O-O Qa5 14.Bd4 Rac8 15.b3 Rfe8
16.Rac1 a6 17.a4 Qb4 18.Rb1 Nd7 19.Bxg7  1/2-1/2

[Event "Petrosian mem"]
[Site "Erevan"]
[Date "1994.??.??"]
[Round "?"]
[White "Yegiazarian, Arsen"]
[Black "Akopian, Vladimir"]
[Result "1/2-1/2"]
[WhiteElo "2400"]
[BlackElo "2605"]

1.e4 c5 2.Nf3 d6 3.Bb5+ Nc6 4.O-O Bd7 5.Re1 Nf6 6.Nc3 e6 7.Bxc6 Bxc6 8.d4 cxd4
9.Nxd4 Be7 10.Qf3 O-O 11.Qg3 Kh8 12.Bg5 Qb6 13.Nb3 Qc7 14.Rad1 Rad8 15.Rd3 Ne8
16.Red1 Bxg5 17.Qxg5 Nf6 18.Qe3 a6 19.Nd4 Rd7 20.h3 Rfd8 21.a4 Qb6 22.Nb3 Qxe3
23.Rxe3 d5 24.e5 d4 25.Rxd4 Rxd4 26.Nxd4 Rxd4 27.exf6 gxf6 28.Rd3 Rc4 29.b3 Rc5
30.b4 Rc4 31.b5 axb5 32.axb5 Be8 33.Rd8 Rxc3 34.Rxe8+ Kg7 35.Re7 b6  1/2-1/2

[Event "Petrosian mem"]
[Site "Erevan"]
[Date "1994.??.??"]
[Round "?"]
[White "Vasiukov, Evgeni"]
[Black "Akopian, Vladimir"]
[Result "1/2-1/2"]
[WhiteElo "2505"]
[BlackElo "2605"]

1.e4 c5 2.Nf3 d6 3.Bb5+ Nc6 4.O-O Bd7 5.d4 cxd4 6.Nxd4 Nf6 7.Re1 e6 8.c4 Be7
9.Nc3 O-O 10.b3 Nxd4 11.Qxd4 Bxb5 12.Nxb5 a6 13.Nc3 Qc7 14.Bb2 Rac8 15.Rad1 Rfd8
16.h3 Ne8 17.a4 Bf6 18.Qe3 Qa5 19.Re2 h6 20.Red2 Qc7 21.Rd3 Qa5 22.R3d2 Qc7
23.Rd3 Qa5 24.R1d2 Qc7 25.g3 Qc6 26.Kh2 Bg5 27.f4 Bf6 28.Re2 Nc7 29.a5 Ne8
30.Na4 Bxb2 31.Rxb2 Nf6 32.Re2 Rb8 33.Nb6 Nd7 34.Red2 Nxb6 35.axb6 Rd7 36.f5 exf5
37.exf5 Rdd8 38.Qf2 f6 39.Rd5 Re8 40.Rxd6 Qe4 41.g4 Kh7 42.Kg3 Qe5+ 43.Kh4 Re7
44.R2d5 Qc3 45.Rd3 Qc1 46.Qd2 Qf1 47.Re3 Rbe8 48.Ree6 Rxe6 49.Rxe6 Rf8 50.Qe3 Rf7
51.Kh5 Rd7 52.h4 Rd3 53.Qe4 Rh3 54.Rxf6 Rxh4+ 55.Kxh4 Qf2+ 56.Kh3 Qf1+ 57.Qg2 Qd3+
58.Qg3 Qf1+ 59.Kh2 gxf6  1/2-1/2

[Event "Petrosian mem"]
[Site "Erevan"]
[Date "1994.??.??"]
[Round "?"]
[White "Yegiazarian, Arsen"]
[Black "Petrosian, Arshak B"]
[Result "1-0"]
[WhiteElo "2400"]
[BlackElo "2455"]

1.e4 c5 2.Nf3 d6 3.Bb5+ Bd7 4.Bxd7+ Qxd7 5.O-O e6 6.c4 Nc6 7.d4 cxd4 8.Nxd4 Nf6
9.Nc3 Be7 10.Be3 O-O 11.b3 Rfd8 12.Qe2 b6 13.Rfd1 Qb7 14.Nc2 a6 15.f3 Rab8
16.a4 Rbc8 17.Qf2 Nd7 18.Nd4 Na5 19.Rab1 Bf8 20.Kh1 Rc7 21.Nde2 Rcc8 22.f4 Nc6
23.h3 Nb4 24.f5 Nc5 25.Nf4 Re8 26.Bxc5 bxc5 27.Qg3 Kh8 28.Qh4 Be7 29.Qg4 Bf6
30.Nce2 Nc2 31.Rxd6 Qxe4 32.Ng6+ hxg6 33.fxg6 Kg8 34.gxf7+ Kxf7 35.Rd7+ Kg8  1-0

[Event "EUCup Gr1"]
[Site "Eupen"]
[Date "1994.??.??"]
[Round "?"]
[White "Galego, Luis"]
[Black "Novikov, Igor A"]
[Result "1/2-1/2"]
[WhiteElo "2440"]
[BlackElo "2570"]

1.e4 c5 2.Nf3 d6 3.Bb5+ Bd7 4.Bxd7+ Nxd7 5.b3 Ngf6 6.Qe2 e6 7.O-O Be7 8.d4 cxd4
9.Nxd4 O-O 10.c4 a6 11.Nc3 Re8 12.Bb2 Bf8 13.Kh1 Qa5 14.Rad1 g6 15.Nc2 Qc7
16.f4 Bg7 17.Ba3 Bf8 18.Bb2 Bg7 19.Ba3 Bf8  1/2-1/2

[Event "ITA-ch53"]
[Site "Filettino"]
[Date "1994.??.??"]
[Round "1"]
[White "Curione, Francesco"]
[Black "Belotti, Bruno"]
[Result "0-1"]
[WhiteElo "2195"]
[BlackElo "2420"]

1.e4 c5 2.Nf3 d6 3.Bb5+ Bd7 4.Bxd7+ Qxd7 5.O-O Nc6 6.c3 Nf6 7.Qe2 e6 8.d4 cxd4
9.cxd4 d5 10.e5 Ne4 11.Nbd2 Nxd2 12.Bxd2 Be7 13.a3 O-O 14.b4 a6 15.Rfc1 Rfc8
16.Qd1 Na7 17.a4 Rxc1 18.Rxc1 Rc8 19.Rc2 Rc4 20.Rxc4 dxc4 21.Qc2 b5 22.a5 Nc6
23.Qb2 Qd5 24.Bc3 Qe4 25.h3 Qd3 26.Ne1 Qf5 27.Nc2 Qe4 28.Ne3 Qd3 29.Nc2 Qd1+
30.Kh2 h6 31.Ne3 Qb3 32.Qc2 Bxb4 33.Bxb4 Nxb4 34.Qe4 Nd5 35.Nxd5 exd5 36.Qxd5 Qd3
37.e6 fxe6 38.Qxe6+ Kh7 39.Qxa6 c3 40.Qb6 c2 41.Qc5 Qc4 42.Qf5+ Kg8 43.d5 c1=Q
44.Qe6+ Kh8  0-1

[Event "ITA-ch53"]
[Site "Filettino"]
[Date "1994.??.??"]
[Round "11"]
[White "Borgo, Giulio"]
[Black "Mantovani, Renzo"]
[Result "1-0"]
[WhiteElo "2350"]
[BlackElo "2360"]

1.e4 c5 2.Nf3 d6 3.Bb5+ Bd7 4.Bxd7+ Nxd7 5.O-O Ngf6 6.Re1 e6 7.b3 Be7 8.Bb2 Qc7
9.c4 Ne5 10.d4 Nxf3+ 11.Qxf3 cxd4 12.Bxd4 O-O 13.Nc3 a6 14.e5 Nd7 15.exd6 Bxd6
16.Qh5 Bc5 17.Rad1 Bxd4 18.Rxd4 Nf6 19.Qf3 b5 20.Ne4 Nxe4 21.Qxe4 Rad8 22.Red1 bxc4
23.Rxd8 Rxd8 24.Rxd8+ Qxd8 25.Qxc4 Qd1+ 26.Qf1 Qc2 27.Qxa6 Qb1+ 28.Qf1 Qxa2
29.Qd1 h6 30.g3 Qb2 31.Qd3 f5 32.Qc4 Qa1+ 33.Kg2 Qa8+ 34.Kf1 Qa1+ 35.Ke2 Qa2+
36.Ke3 Kf7 37.Qc7+ Kg6 38.Qb6 Kf7 39.Qc7+ Kg6 40.Qb6 Kf7 41.Kd3 g5 42.b4 Qb3+
43.Kd4 Qd1+ 44.Kc4 Qf1+ 45.Kb3 Qd1+ 46.Kc3 Qc1+ 47.Kd3 Qd1+ 48.Ke3 Qe1+ 49.Kd3 Qd1+
50.Kc3 Qe1+ 51.Kb2 Qd2+ 52.Ka3 Qc3+ 53.Ka4 Qa1+ 54.Kb5 Qh1 55.Qc7+ Kg6 56.Qb6 Kf7
57.Qd4 Qb7+ 58.Kc4 Qc6+ 59.Qc5 Qe4+ 60.Kb5 Qb7+ 61.Ka5 Qa8+ 62.Kb6 Kg6 63.Kc7 Qd5
64.Qc6 Qa2 65.b5 Qxf2 66.b6 Qe3 67.b7 Qe5+ 68.Kc8 Qh8+ 69.Kd7 Kh5 70.Kc7 Qg7+
71.Kd8 Qf6+ 72.Kd7 Qg7+ 73.Kxe6 Qg6+ 74.Kd7 Qf7+ 75.Kd8 Qb3 76.Qd7 Qb6+ 77.Ke8 Kg4
78.Kf7 Kh5 79.Kg7 Kg4 80.Kh7 Kh3 81.Qxf5+ Kxh2 82.Qc8 Qa7 83.Qc7  1-0

[Event "FIN-chT"]
[Site "?"]
[Date "1994.??.??"]
[Round "?"]
[White "Norri, Joose"]
[Black "Yrjola, Jouni"]
[Result "1-0"]
[WhiteElo "2385"]
[BlackElo "2440"]

1.e4 c5 2.Nf3 d6 3.Bb5+ Bd7 4.Bxd7+ Nxd7 5.O-O Ngf6 6.Qe2 e6 7.b3 Be7 8.Bb2 O-O
9.d4 cxd4 10.Nxd4 Re8 11.c4 Qb6 12.Nd2 Bf8 13.Kh1 Nc5 14.Nc2 Nfd7 15.b4 a5
16.a3 axb4 17.axb4 Na4 18.Bd4 Qc6 19.Nb3 e5 20.b5 Qc7 21.Be3 Rec8 22.Nd2 Ndc5
23.Nb4 Nc3 24.Qf3 Ne6 25.Ba7 b6 26.Qxc3 Rxa7 27.Nd5 Rxa1 28.Nxc7 Rxf1+ 29.Nxf1 Rxc7
30.Ne3 Nc5 31.f3 Ra7  1-0

[Event "FIN-chT"]
[Site "?"]
[Date "1994.??.??"]
[Round "?"]
[White "Westerinen, Heikki MJ"]
[Black "Norri, Joose"]
[Result "1/2-1/2"]
[WhiteElo "2355"]
[BlackElo "2385"]

1.e4 c5 2.Nf3 d6 3.Bb5+ Bd7 4.Bxd7+ Nxd7 5.O-O Ngf6 6.Re1 e6 7.d4 cxd4 8.Qxd4 Be7
9.c4 O-O 10.h3 Qa5 11.Nc3 a6 12.Bd2 Qc5 13.b3 Rfd8 14.Be3  1/2-1/2

[Event "FIN-chT"]
[Site "?"]
[Date "1994.??.??"]
[Round "?"]
[White "Liiva, Riho"]
[Black "Rantanen, Yrjo A"]
[Result "1-0"]
[WhiteElo "2395"]
[BlackElo "2355"]

1.e4 c5 2.Nf3 d6 3.Bb5+ Nd7 4.O-O Nf6 5.Re1 a6 6.Bf1 b5 7.a4 Bb7 8.axb5 axb5
9.Rxa8 Qxa8 10.Bxb5 Bxe4 11.Nc3 Bxf3 12.Qxf3 Qxf3 13.gxf3 e6 14.d3 h6 15.Bd2 Be7
16.Ra1 d5 17.Ra7 Bd6 18.Ra8+  1-0

[Event "Finkenstein op"]
[Site "Finkenstein"]
[Date "1994.??.??"]
[Round "?"]
[White "Kovacic, Peter"]
[Black "Schiner, Hartmut"]
[Result "1-0"]
[WhiteElo "2065"]
[BlackElo "1825"]

1.e4 c5 2.Nf3 d6 3.Bb5+ Bd7 4.Bxd7+ Qxd7 5.O-O Nc6 6.Re1 Nf6 7.Nc3 e6 8.d3 Be7
9.a4 O-O 10.Ng5 h6 11.Nh3 Rab8 12.f4 a6 13.Re3 Nd4 14.Rg3 b5 15.Be3 Rfc8
16.axb5 axb5 17.e5 Ne8 18.Bxd4 cxd4 19.Ne4 Qc7 20.Qh5 d5 21.Nef2 Bf8 22.Ng4 g6
23.Nxh6+ Bxh6 24.Qxh6 Ng7 25.Ng5 Nf5 26.Qh7+ Kf8 27.Rh3  1-0

[Event "Finkenstein op"]
[Site "Finkenstein"]
[Date "1994.??.??"]
[Round "?"]
[White "Fuchs, G."]
[Black "Moschinger, Markus"]
[Result "1-0"]
[WhiteElo "1985"]
[BlackElo "2055"]

1.e4 c5 2.Nf3 d6 3.Bb5+ Nc6 4.O-O Bd7 5.Nc3 Nf6 6.d4 cxd4 7.Nxd4 a6 8.Bxc6 bxc6
9.f4 e5 10.Nf3 Qc7 11.Qe1 Be7 12.fxe5 dxe5 13.Qg3 O-O 14.Qxe5 Qb6+ 15.Kh1 Rae8
16.Qg3 Nh5 17.Qf2 Qc7 18.Be3 Bd6 19.Qh4 Nf6 20.e5 Bxe5 21.Nxe5 Qxe5 22.Bd4 Qe7
23.Bxf6 gxf6 24.Rae1 Qd8 25.Ne4  1-0

[Event "Finkenstein op"]
[Site "Finkenstein"]
[Date "1994.??.??"]
[Round "?"]
[White "Fuchs, G."]
[Black "Kos, Toni"]
[Result "0-1"]
[WhiteElo "1985"]
[BlackElo "2220"]

1.e4 c5 2.Nf3 d6 3.Bb5+ Bd7 4.Bxd7+ Qxd7 5.O-O Nc6 6.c3 Nf6 7.Re1 e5 8.d4 g6
9.Nbd2 Qc7 10.Nf1 Bg7 11.dxc5 dxc5 12.Ne3 O-O 13.Nd5 Nxd5 14.exd5 Rad8 15.c4 Nd4
16.Nxd4 cxd4 17.Qd3 f5 18.Bg5 Rc8 19.Rac1 h6 20.Bd2 e4 21.Qg3 Qf7 22.Qa3 Rfe8
23.Qxa7 f4 24.d6 e3 25.Ba5 d3 26.fxe3 Ra8 27.Qc5 Re5 28.Qc7 Rexa5 29.d7 Bf6
30.Rcd1 fxe3 31.Rxe3 Kg7 32.Re8 Rxa2 33.Rxa8 Rxa8 34.h3 Qe7 35.Qc8 Qe2 36.Rf1 Bd4+
37.Kh2 Qxf1 38.Qc7 Bg1+ 39.Kg3 Qf2+ 40.Kg4 h5+ 41.Kg5 Qf5+ 42.Kh4 Bf2+ 43.g3 Qf6+  0-1

[Event "Finkenstein op"]
[Site "Finkenstein"]
[Date "1994.??.??"]
[Round "?"]
[White "Kuba, Guenter"]
[Black "Podkriznik, Gregor"]
[Result "1/2-1/2"]
[WhiteElo "1980"]
[BlackElo "2290"]

1.e4 c5 2.Nf3 d6 3.Bb5+ Bd7 4.Bxd7+ Qxd7 5.O-O Nf6 6.Qe2 e6 7.c3 Be7 8.d4 cxd4
9.cxd4 d5 10.Nc3 dxe4 11.Nxe4 Nc6 12.Rd1 O-O 13.Bg5 Nxe4 14.Qxe4 Rfd8 15.Rac1 f6
16.Be3 Qd5 17.Qg4 f5 18.Qg3 Bf6 19.b3 e5 20.Bg5 Bxg5 21.Qxg5 exd4 22.Nh4 Rf8
23.Rd3 h6 24.Qh5 Rad8 25.f4 Rf6 26.Re1 Qf7 27.Qd1 Re6 28.Rxe6 Qxe6 29.a3 Qe4
30.Qf1 Ne7 31.Rd1 Qe3+ 32.Kh1 Qxb3 33.Re1 Qf7 34.Qd3 Ng6 35.Nxf5 Nxf4 36.Qe4 Ng6
37.Nxd4 Rf8 38.h3 a6 39.Rb1 Re8 40.Qc2 Qf6 41.Qc4+ Kh7 42.Rf1 Qe7 43.Qc3 Qe3
44.Qb2 b5 45.Nf5 Qe5 46.Qd2 Rf8 47.Qc2 Kh8 48.Rf3 Ne7 49.Nxe7 Qxe7 50.Rc3 Rf1+
51.Kh2 Qe5+ 52.g3 Qf5 53.Qxf5 Rxf5 54.Rc6 Rf6 55.Rc3 Kh7 56.Kg2 g5 57.Re3 Kg6
58.a4 bxa4 59.Ra3 a5 60.Rxa4 Ra6 61.Kf3 Kf5 62.Ke3 Ke5 63.Kd3 Kd5 64.Kc3 Kc5
65.Kb3 Kb5 66.Re4 Rc6 67.h4 Rc5 68.Re6  1/2-1/2